Вестник профсоюзов (Запись № 3828711)

Подробности
000 -МАРКЕР
контрольное поле 04797nas1a22007331i 4500
001 - ИДЕНТИФИКАТОР ЗАПИСИ
контрольное поле RU\NLR\INFOCOMM18\1000059423
005 - ИДЕНТИФИКАТОР ВЕРСИИ
контрольное поле 20260407022759.0
011 ## - МЕЖДУНАРОДНЫЙ СТАНДАРТНЫЙ НОМЕР СЕРИАЛЬНОГО ИЗДАНИЯ (ISSN)
Номер (ISSN) 0869-480X
035 ## - ДРУГИЕ СИСТЕМНЫЕ НОМЕРА
Идентификатор записи (NLR Aleph) 002646126
100 ## - ДАННЫЕ ОБЩЕЙ ОБРАБОТКИ
Данные общей обработки 20040113a19679999|||y0rusy50 ca
101 0# - ЯЗЫК РЕСУРСА
Язык текста, звукозаписи и т.д. русский
102 ## - СТРАНА ПУБЛИКАЦИИ ИЛИ ПРОИЗВОДСТВА
Страна публикации российская федерация
110 ## - ПОЛЕ КОДИРОВАННЫХ ДАННЫХ: ПРОДОЛЖАЮЩИЕСЯ РЕСУРСЫ
Кодированные данные продолжающегося ресурса aeu||||0|y0
200 1# - ЗАГЛАВИЕ И СВЕДЕНИЯ ОБ ОТВЕТСТВЕННОСТИ
Основное заглавие Вестник профсоюзов
Первые сведения об ответственности Всеобщ. конфедерация профсоюзов СССР
210 ## - ПУБЛИКАЦИЯ, РАСПРОСТРАНЕНИЕ И ДР.
Место издания, распространения и т.д. М.
Имя издателя, распространителя и т. д. Профиздат
Дата издания, распространения и т.д. 1967-
430 #0 - ПРОДОЛЖЕН
Встроенное поле 001rc\4458098
-- 2001#$aИнформационный бюллетень
-- 71002$3RU\NLR\AUTH\8810062677$aВЦСПС
Системный номер (АБИС) связанной записи 8767172
Автор ВЦСПС
Место публикации Москва
Дата публикации 1967-1990
Первые сведения об ответственности ВЦСПС
Имя издателя, распространителя и т.д. Профиздат
Заглавие Информационный бюллетень
430 #0 - ПРОДОЛЖЕН
Встроенное поле 001rc\13776
-- 2001#$aИнформационный бюллетень
-- 71002$aВсеобщая конфедерация профсоюзов СССР$3RU\NLR\AUTH\8810008059
Системный номер (АБИС) связанной записи 6301868
Автор Всеобщая конфедерация профсоюзов СССР
Место публикации М.
Дата публикации 1991
Первые сведения об ответственности Всеобщ. конфедерация профсоюзов СССР
Имя издателя, распространителя и т.д. Профиздат
Заглавие Информационный бюллетень
517 1# - ДРУГИЕ ВАРИАНТЫ ЗАГЛАВИЯ
Вариант заглавия Информационный бюллетень Всесоюзного Центрального Совета профессиональных Союзов
712 02 - НАИМЕНОВАНИЕ ОРГАНИЗАЦИИ - ВТОРИЧНАЯ ОТВЕТСТВЕННОСТЬ
Код отношения Прочие
Начальный элемент ввода Всеобщая конфедерация профсоюзов
Идентификатор авторитетной/нормативной записи RU\NLR\AUTH\8810008060
Системный номер авторитетной/нормативной записи 513860
712 02 - НАИМЕНОВАНИЕ ОРГАНИЗАЦИИ - ВТОРИЧНАЯ ОТВЕТСТВЕННОСТЬ
Код отношения Прочие
Начальный элемент ввода "Всеобщая конфедерация профсоюзов", международное объединение
Идентификатор авторитетной/нормативной записи RU\NLR\AUTH\8810008058
Системный номер авторитетной/нормативной записи 513856
801 #1 - ИСТОЧНИК ЗАПИСИ
Страна российская федерация
Организация InfoComm
Дата составления 20040113
801 #0 - ИСТОЧНИК ЗАПИСИ
Страна российская федерация
Организация NLR
Правила каталогизации PSBO
801 #2 - ИСТОЧНИК ЗАПИСИ
Страна российская федерация
Организация NLR
Дата составления 20080122
Источник данных rusmarc
852 ## - МЕСТОНАХОЖДЕНИЕ И ШИФР ХРАНЕНИЯ
Идентификатор организации NLR
Шифр хранения (Call Number) П23/2735
942 ## - ДОПОЛНИТЕЛЬНЫЕ ЭЛЕМЕНТЫ ЗАПИСИ (АБИС)
Тип экземпляра АБИС Журнал
980 ## - КОЛЛЕКЦИЯ
Название коллекции Русская периодика

Нет доступных экземпляров.